| 000 | 00907nam a22001937a 4500 | ||
|---|---|---|---|
| 999 |
_c4512 _d4512 |
||
| 001 | 469 | ||
| 003 | BD-DhUAP | ||
| 005 | 20201112104141.0 | ||
| 008 | 201112r19892000bg a|||| |||| 00| 0 ben d | ||
| 040 |
_aBD-DhUAP _bBen _cBD-DhUAP _dBD-DhUAP |
||
| 082 |
_223 _a539.7 ISL |
||
| 100 | _aইসলাম, এ. কে. এম. আজহারুল। | ||
| 245 |
_aনিউক্লীয় পদার্থ বিজ্ঞান / _cএ. কে. এম. আজহারুল ইসলাম এবং এম. আমিনুল ইসলাম। |
||
| 260 |
_aঢাকা : _bরাজশাহী বিশ্ববিদ্যালয়, _c১৯৮৯ [মুদ্রণ ২০০০]। |
||
| 300 |
_a[১৫], ৫০১ পৃষ্ঠা : _bচিত্র ; _c২২ সেমি.। |
||
| 650 | _aNuclear Physics. | ||
| 700 | _aইসলাম, এম. আমিনুল। | ||
| 942 |
_2ddc _cBK |
||